Normal view
MARC view
- DR SYED TAHIR ZAIDI
Entry Corporate Name
001 - CONTROL NUMBER
- control field: 86906
003 - CONTROL NUMBER IDENTIFIER
- control field: NUST
005 - DATE AND TIME OF LATEST TRANSACTION
- control field: 20211222112532.0
008 - FIXED-LENGTH DATA ELEMENTS
- fixed length control field: 211222|| aca||aabn | a|a d
040 ## - CATALOGING SOURCE
- Original cataloging agency: NUST
- Transcribing agency: NUST
110 ## - HEADING--CORPORATE NAME
- Corporate name or jurisdiction name as entry element: DR SYED TAHIR ZAIDI
670 ## - SOURCE DATA FOUND
- Source citation: Work cat.: (NUST): WAJEEHA NAFEES 86905, TH-SOF-0854-INTRACARDIAC SIGNAL CLASSIFICATION FOR SVT ARRHYTHMIA DETECTION, 2013
